[Event "Rottach Egern Seniors Cup 12th"]
[Site "Rottach Egern"]
[Date "2024.04.08"]
[Round "3"]
[White "Keeve, Martin"]
[Black "Schott, Guido"]
[Result "1/2-1/2"]
[WhiteElo "1914"]
[BlackElo "2042"]
[PlyCount "33"]
[EventDate "2024.04.06"]
[EventType "swiss"]
[EventRounds "9"]
[EventCountry "GER"]
[SourceTitle "CB16_2024"]
[SourceDate "2024.04.17"]
[SourceVersion "1"]
[SourceVersionDate "2024.04.17"]
[SourceQuality "1"]

1. c4 e5 2. Nc3 Nc6 3. g3 Bc5 4. Bg2 d6 5. Nf3 Bg4 6. a3 a5 7. 0-0 Qd7 8. d3 Nge7 9. Nd5 Nxd5 10. cxd5 Ne7 11. Qb3 0-0 12. Be3 a4 13. Qc4 b5 14. Qa2 Bxe3 15. fxe3 Nf5 16. h3 Bxf3 17. Rxf3 1/2-1/2

[Event "Rottach Egern Seniors Cup 10th"]
[Site "Rottach Egern"]
[Date "2022.03.27"]
[Round "2"]
[White "Keeve, Martin"]
[Black "Weber, Bernhard"]
[Result "1/2-1/2"]
[WhiteElo "1878"]
[BlackElo "2065"]
[PlyCount "31"]
[EventDate "2022.03.26"]
[EventType "swiss"]
[EventRounds "9"]
[EventCountry "GER"]
[SourceTitle "CBM 207 Extra"]
[Source "ChessBase"]
[SourceDate "2022.05.31"]
[SourceVersion "1"]
[SourceVersionDate "2022.05.31"]
[SourceQuality "1"]

1. d4 Nf6 2. c4 e6 3. Nc3 d5 4. Nf3 Be7 5. Bg5 Nbd7 6. e3 0-0 7. Rc1 c6 8. Bd3 dxc4 9. Bxc4 Nd5 10. Bxe7 Qxe7 11. 0-0 Nxc3 12. bxc3 b6 13. Qe2 Bb7 14. Rfd1 c5 15. Bb5 Bxf3 16. Qxf3 1/2-1/2

[Event "Rottach Egern Seniors Cup 10th"]
[Site "Rottach Egern"]
[Date "2022.03.26"]
[Round "1"]
[White "Koehler, Gerhard"]
[Black "Keeve, Martin"]
[Result "0-1"]
[WhiteElo "2208"]
[BlackElo "1878"]
[PlyCount "86"]
[EventDate "2022.03.26"]
[EventType "swiss"]
[EventRounds "9"]
[EventCountry "GER"]
[SourceTitle "CBM 207 Extra"]
[Source "ChessBase"]
[SourceDate "2022.05.31"]
[SourceVersion "1"]
[SourceVersionDate "2022.05.31"]
[SourceQuality "1"]

1. c4 c5 2. g3 Nc6 3. Bg2 g6 4. Nc3 Bg7 5. a3 Nf6 6. Rb1 0-0 7. b4 d6 8. d3 Nd7 9. Bd2 cxb4 10. axb4 a5 11. bxa5 Nxa5 12. Nh3 Nc5 13. 0-0 Bd7 14. Nf4 e6 15. Nb5 Bc6 16. Bc1 Qe7 17. e4 Rfc8 18. Ne2 Ra6 19. Bf4 e5 20. Be3 Ne6 21. Nec3 Nd4 22. Nd5 Qd8 23. Nxd4 exd4 24. Bd2 Rca8 25. Nb4 R6a7 26. f4 Qe8 27. f5 Be5 28. Qg4 b5 29. Nxc6 Qxc6 30. fxg6 hxg6 31. Rxb5 Nxc4 32. dxc4 Qxc4 33. Rbb1 Ra2 34. Rbc1 Qb3 35. Bg5 d3 36. Rcd1 Rc2 37. Rd2 Raa2 38. Rxc2 dxc2 39. Qc8+ Kg7 40. Be7 Ra1 41. Bg5 Bd4+ 42. Kh1 Rxf1+ 43. Bxf1 Qf3+ 0-1

[Event "Rottach Egern Seniors Cup 9th"]
[Site "Rottach Egern"]
[Date "2021.10.28"]
[Round "7"]
[White "Keeve, Martin"]
[Black "Kurze, Volker"]
[Result "1-0"]
[WhiteElo "1898"]
[BlackElo "1691"]
[PlyCount "51"]
[EventDate "2021.10.22"]
[EventType "swiss"]
[EventRounds "7"]
[EventCountry "GER"]
[SourceTitle "CBM 204 Extra"]
[Source "ChessBase"]
[SourceDate "2021.11.30"]
[SourceVersion "1"]
[SourceVersionDate "2021.11.30"]
[SourceQuality "1"]

1. d4 f5 2. Nf3 Nf6 3. c4 g6 4. Nc3 Bg7 5. g3 0-0 6. Bg2 d6 7. Qc2 c6 8. 0-0 Na6 9. Rd1 Qe8 10. b3 e5 11. dxe5 dxe5 12. Ba3 Rf7 13. e3 Rd7 14. Bf1 Rxd1 15. Rxd1 e4 16. Nd4 Bd7 17. Nce2 c5 18. Nb5 Bxb5 19. cxb5 Qxb5 20. Nf4 Qa5 21. Qc4+ Kh8 22. Bb2 Ng4 23. Bxg7+ Kxg7 24. Rd7+ Kh6 25. Rxh7+ Kxh7 26. Qf7+ 1-0

[Event "Rottach Egern Seniors Cup 9th"]
[Site "Rottach Egern"]
[Date "2021.10.23"]
[Round "2"]
[White "Jahn, Constanze"]
[Black "Keeve, Martin"]
[Result "1/2-1/2"]
[WhiteElo "2044"]
[BlackElo "1898"]
[PlyCount "28"]
[EventDate "2021.10.22"]
[EventType "swiss"]
[EventRounds "7"]
[EventCountry "GER"]
[SourceTitle "CBM 204 Extra"]
[Source "ChessBase"]
[SourceDate "2021.11.30"]
[SourceVersion "1"]
[SourceVersionDate "2021.11.30"]
[SourceQuality "1"]

1. Nf3 d6 2. e4 c6 3. d4 Qc7 4. Bc4 e6 5. Qe2 Be7 6. e5 b5 7. Bd3 a5 8. 0-0 Ba6 9. c4 bxc4 10. Bxc4 Bxc4 11. Qxc4 d5 12. Qe2 h5 13. Nc3 Nh6 14. Bxh6 Rxh6 1/2-1/2

[Event "Bad Wiessee Senioren Cup 8th"]
[Site "Bad Wiessee"]
[Date "2019.05.18"]
[Round "8"]
[White "Keeve, Martin"]
[Black "Neubauer, Jaroslaus"]
[Result "0-1"]
[WhiteElo "1860"]
[BlackElo "1985"]
[PlyCount "52"]
[EventDate "2019.05.11"]
[EventType "swiss"]
[EventRounds "9"]
[EventCountry "GER"]
[SourceTitle "EXT 2020"]
[Source "ChessBase"]
[SourceDate "2019.10.17"]
[SourceVersion "1"]
[SourceVersionDate "2019.10.17"]
[SourceQuality "1"]

1. d4 Nf6 2. c4 g6 3. Nc3 Bg7 4. Nf3 0-0 5. e3 d6 6. Be2 Nbd7 7. Bd2 c6 8. b4 e5 9. Qb3 exd4 10. exd4 Re8 11. 0-0 Nf8 12. Rfe1 Qc7 13. Rad1 Bf5 14. h3 Ne4 15. Bf4 Nxc3 16. Qxc3 Qd8 17. g4 Be4 18. Ng5 Qf6 19. Qg3 Rad8 20. f3 Bc2 21. Rd2 h6 22. Nxf7 Kxf7 23. Rxc2 Qxd4+ 24. Kg2 g5 25. Bc1 Ng6 26. Rd1 Rxe2+ 0-1

[Event "Bad Wiessee Senioren Cup 8th"]
[Site "Bad Wiessee"]
[Date "2019.05.15"]
[Round "5"]
[White "Pfitzer, Norbert"]
[Black "Keeve, Martin"]
[Result "1/2-1/2"]
[WhiteElo "2047"]
[BlackElo "1860"]
[PlyCount "68"]
[EventDate "2019.05.11"]
[EventType "swiss"]
[EventRounds "9"]
[EventCountry "GER"]
[SourceTitle "EXT 2020"]
[Source "ChessBase"]
[SourceDate "2019.10.17"]
[SourceVersion "1"]
[SourceVersionDate "2019.10.17"]
[SourceQuality "1"]

1. Nf3 d6 2. d4 c6 3. g3 Qc7 4. Bf4 Nd7 5. Nc3 e5 6. Be3 Ngf6 7. dxe5 dxe5 8. Bg2 Bb4 9. Bd2 0-0 10. 0-0 Re8 11. a3 Be7 12. h3 Nf8 13. e4 Be6 14. Qe2 Rad8 15. Be3 b5 16. Nd2 N8d7 17. Rfc1 a5 18. a4 b4 19. Nd1 Nc5 20. b3 Nfd7 21. Nb2 Nb6 22. f3 g6 23. Qf2 Nbd7 24. Bf1 f5 25. Nd3 fxe4 26. Nxc5 Nxc5 27. Nxe4 Nxe4 28. fxe4 Rf8 29. Bb6 Rxf2 30. Bxc7 Rdd2 31. Bb6 c5 32. c3 Rf3 33. cxb4 Rxg3+ 34. Kh1 cxb4 1/2-1/2

[Event "Bad Wiessee Senioren Cup 8th"]
[Site "Bad Wiessee"]
[Date "2019.05.13"]
[Round "3"]
[White "Kuempers, Ulrich"]
[Black "Keeve, Martin"]
[Result "1-0"]
[WhiteElo "2003"]
[BlackElo "1860"]
[PlyCount "67"]
[EventDate "2019.05.11"]
[EventType "swiss"]
[EventRounds "9"]
[EventCountry "GER"]
[SourceTitle "EXT 2020"]
[Source "ChessBase"]
[SourceDate "2019.10.17"]
[SourceVersion "1"]
[SourceVersionDate "2019.10.17"]
[SourceQuality "1"]

1. d4 d6 2. c4 c6 3. Nc3 Qc7 4. e4 Nd7 5. f4 e5 6. Be2 Be7 7. Nf3 Ngf6 8. 0-0 0-0 9. Kh1 b6 10. Be3 Ba6 11. Rc1 Rad8 12. b4 Bc8 13. d5 c5 14. fxe5 Ng4 15. exd6 Bxd6 16. Bg1 Bf4 17. bxc5 Nxc5 18. Rc2 Rfe8 19. Nb5 Qb8 20. Nfd4 Ne3 21. Bxe3 Bxe3 22. Nc6 Qb7 23. Nxd8 Rxd8 24. e5 Qe7 25. Bg4 Qxe5 26. Qf3 f6 27. Bxc8 Rxc8 28. Re2 Re8 29. Rfe1 Nd3 30. Rxe3 Nxe1 31. Rxe5 Rxe5 32. Qg3 Nd3 33. h4 g5 34. Qxd3 1-0

[Event "Sachsen-ch Seniors op"]
[Site "Dresden"]
[Date "2016.11.08"]
[Round "9"]
[White "Knoblach, Norbert"]
[Black "Keeve, Martin"]
[Result "1/2-1/2"]
[WhiteElo "1832"]
[BlackElo "1855"]
[PlyCount "25"]
[EventDate "2016.10.31"]
[EventType "swiss"]
[EventRounds "9"]
[EventCountry "GER"]
[SourceTitle "EXT 2019"]
[Source "ChessBase"]
[SourceDate "2018.10.10"]
[SourceVersion "1"]
[SourceVersionDate "2018.10.10"]
[SourceQuality "1"]

1. d4 d5 2. c4 c6 3. cxd5 cxd5 4. Nf3 Nf6 5. Nc3 Nc6 6. h3 Qc7 7. Bg5 e6 8. e3 Bd6 9. a3 a6 10. Bd3 b5 11. 0-0 Bb7 12. Rc1 Rc8 13. Ne2 1/2-1/2

[Event "Sachsen-ch Seniors op"]
[Site "Dresden"]
[Date "2016.11.07"]
[Round "8"]
[White "Keeve, Martin"]
[Black "Kretschmer, Wolfgang"]
[Result "1-0"]
[WhiteElo "1855"]
[BlackElo "1573"]
[PlyCount "71"]
[EventDate "2016.10.31"]
[EventType "swiss"]
[EventRounds "9"]
[EventCountry "GER"]
[SourceTitle "EXT 2019"]
[Source "ChessBase"]
[SourceDate "2018.10.10"]
[SourceVersion "1"]
[SourceVersionDate "2018.10.10"]
[SourceQuality "1"]

1. d4 Nf6 2. c4 g6 3. Nc3 Bg7 4. Nf3 d6 5. Bg5 0-0 6. Rc1 c5 7. e3 b6 8. Be2 Bb7 9. 0-0 Qc7 10. Qd3 Nbd7 11. Rfd1 a6 12. h3 Rfe8 13. b3 Rad8 14. d5 Ne5 15. Nxe5 dxe5 16. e4 Rf8 17. Qe3 Ne8 18. Qg3 Bc8 19. Bg4 Bxg4 20. hxg4 h6 21. Be3 g5 22. f3 Rd6 23. Ne2 Rg6 24. Qf2 Nd6 25. Ng3 e6 26. b4 Rc8 27. bxc5 bxc5 28. Rc2 f5 29. gxf5 exf5 30. Nxf5 Bf8 31. Rb1 Qa5 32. Rcb2 Qa4 33. Qe2 Qa3 34. Rb3 Qa4 35. Rb8 Qa5 36. Ne7+ 1-0

[Event "Sachsen-ch Seniors op"]
[Site "Dresden"]
[Date "2016.10.31"]
[Round "1"]
[White "Thonig, Manfred"]
[Black "Keeve, Martin"]
[Result "0-1"]
[WhiteElo "1561"]
[BlackElo "1855"]
[PlyCount "81"]
[EventDate "2016.10.31"]
[EventType "swiss"]
[EventRounds "9"]
[EventCountry "GER"]
[SourceTitle "EXT 2019"]
[Source "ChessBase"]
[SourceDate "2018.10.10"]
[SourceVersion "1"]
[SourceVersionDate "2018.10.10"]
[SourceQuality "1"]

1. f4 d5 2. e4 dxe4 3. Nc3 Nf6 4. Qe2 Nc6 5. Nxe4 Bf5 6. Nxf6+ gxf6 7. d3 h5 8. h3 h4 9. Nf3 Nd4 10. Nxd4 Qxd4 11. c3 Qd5 12. Be3 0-0-0 13. d4 e6 14. b3 Be7 15. Rg1 Qa5 16. Kf2 Qxc3 17. Rc1 Qa5 18. Qc4 c6 19. Be2 Be4 20. Bf3 f5 21. Bxe4 fxe4 22. Rgd1 Kb8 23. Bd2 Qf5 24. b4 Rd5 25. a4 Bg5 26. Rc3 Bxf4 27. Bxf4+ Qxf4+ 28. Kg1 Qd6 29. a5 Rd8 30. b5 Rxb5 31. Qa2 Qb4 32. Rc4 Rxa5 33. Qc2 Qd6 34. Qxe4 Qg3 35. Rb1 Rb5 36. Ra1 a6 37. Rca4 Rbd5 38. Qe2 Rg5 39. R4a3 Qd6 40. Rd3 Rd5 41. Rad1 0-1

[Event "GER Seniors Derby 13th"]
[Site "Wesel Undeloh"]
[Date "2014.05.08"]
[Round "3"]
[White "Schmidt, Joerg"]
[Black "Keeve, Martin"]
[Result "1/2-1/2"]
[WhiteElo "2088"]
[BlackElo "1761"]
[PlyCount "70"]
[EventDate "2014.05.07"]
[EventType "swiss"]
[EventRounds "9"]
[EventCountry "GER"]
[SourceTitle "EXT 2018"]
[Source "ChessBase"]
[SourceDate "2017.10.13"]
[SourceVersion "1"]
[SourceVersionDate "2017.10.13"]
[SourceQuality "1"]

1. f4 d5 2. b3 Nf6 3. Nf3 c5 4. e3 Nc6 5. Bb2 g6 6. Ne5 Bg7 7. Bb5 Qc7 8. 0-0 0-0 9. Bxc6 bxc6 10. Qe1 Rd8 11. d3 Rb8 12. Nd2 Qb6 13. Ndf3 h6 14. Qg3 Rb7 15. Rae1 a5 16. Kh1 a4 17. Bc1 axb3 18. axb3 Ra7 19. e4 Ra2 20. f5 g5 21. h4 Nh5 22. Qg4 Nf6 23. Qh3 dxe4 24. dxe4 Rxc2 25. hxg5 hxg5 26. Nxg5 Rf8 27. Ng4 Re8 28. Nh6+ Bxh6 29. Qxh6 Qxb3 30. e5 Qg3 31. Rg1 Rc4 32. exf6 Rh4+ 33. Qxh4 Qxh4+ 34. Nh3 Qxf6 35. Bg5 Qxf5 1/2-1/2

[Event "Dresden ZMD op"]
[Site "Dresden"]
[Date "2010.07.13"]
[Round "4"]
[White "Keeve, Martin"]
[Black "Will, Theo"]
[Result "1/2-1/2"]
[WhiteElo "1912"]
[BlackElo "1658"]
[PlyCount "115"]
[EventDate "2010.07.10"]
[EventType "swiss"]
[EventRounds "9"]
[EventCountry "GER"]
[SourceTitle "CBM 137 Extra"]
[Source "ChessBase"]
[SourceDate "2010.09.01"]
[SourceVersion "1"]
[SourceVersionDate "2010.09.01"]
[SourceQuality "1"]

1. d4 d5 2. c4 c6 3. Nc3 e6 4. Nf3 Nf6 5. Bg5 Nbd7 6. e3 Qa5 7. Rc1 Ne4 8. Bh4 Bb4 9. Qc2 0-0 10. Bd3 f5 11. Bg3 Ndf6 12. Be5 Ng4 13. 0-0 dxc4 14. Bxc4 Nxe5 15. Nxe5 Nxc3 16. bxc3 Bd6 17. f4 c5 18. Rfd1 Bxe5 19. dxe5 b5 20. Be2 Bb7 21. Qb3 Bd5 22. c4 bxc4 23. Bxc4 Rab8 24. Qc2 Rfd8 25. Bxd5 Rxd5 26. Rxd5 exd5 27. Qxc5 Qxa2 28. e6 h6 29. Qc7 Rf8 30. e7 Re8 31. Qd7 Kf7 32. Qxf5+ Kg8 33. Qe6+ Kh7 34. f5 Qa4 35. h3 d4 36. Rc4 Qd1+ 37. Kh2 Qh5 38. Rxd4 Qg5 39. Rd7 a5 40. Qe4 h5 41. g3 Qf6 42. Kg2 a4 43. Qxa4 Qxf5 44. Qd4 Qe6 45. Qd3+ Kh8 46. Rd8 Qxe7 47. Rxe8+ Qxe8 48. Qd4 Qc6+ 49. e4 Qc2+ 50. Kf3 Kh7 51. e5 Qf5+ 52. Kg2 Qc2+ 53. Kf3 Qf5+ 54. Kg2 Qc2+ 55. Kf1 Qf5+ 56. Qf4 Qxh3+ 57. Kf2 Qe6 58. Qe4+ 1/2-1/2

[Event "Dresden Porzellan Cup"]
[Site "Dresden"]
[Date "2010.01.17"]
[Round "6"]
[White "Keeve, Martin"]
[Black "Tischbierek, Raj"]
[Result "0-1"]
[WhiteElo "1912"]
[BlackElo "2438"]
[PlyCount "70"]
[EventDate "2010.01.16"]
[EventType "swiss (rapid)"]
[EventRounds "9"]
[EventCountry "GER"]
[SourceTitle "CBM 134 Extra"]
[Source "ChessBase"]
[SourceDate "2010.03.03"]
[SourceVersion "1"]
[SourceVersionDate "2010.03.03"]
[SourceQuality "1"]

1. d4 d6 2. c4 e5 3. d5 f5 4. Nc3 Nf6 5. Nf3 g6 6. h4 h6 7. Qc2 Bg7 8. Bd2 0-0 9. g3 c5 10. Bh3 Nbd7 11. e4 Ng4 12. 0-0 Ndf6 13. Rae1 fxe4 14. Bxg4 Bxg4 15. Nh2 Bh3 16. Nxe4 Qd7 17. f3 Bxf1 18. Rxf1 Nxe4 19. Qxe4 Qf5 20. Qe3 e4 21. Qxe4 Qxe4 22. fxe4 Rxf1+ 23. Kxf1 Re8 24. Ng4 Rxe4 25. Nxh6+ Bxh6 26. Bxh6 Rxc4 27. Bf4 Rd4 28. Bxd6 Rxd5 29. Bf4 Kf7 30. Ke2 Ke6 31. a3 Kf5 32. Ke3 c4 33. Bb8 Rd3+ 34. Ke2 a6 35. Bc7 Rb3 0-1